La division ecrite des nombres entiers et ses difficultes : resultats de l'enquete entreprise
Αποθηκεύτηκε σε:
| Συγγραφή απο Οργανισμό/Αρχή: | |
|---|---|
| Μορφή: | Βιβλίο |
| Γλώσσα: | French |
| Δημοσίευση: |
[Belgium] :
[χ.ό.],
1953
|
| Θέματα: | |
| Ετικέτες: |
Προσθήκη ετικέτας
Δεν υπάρχουν, Καταχωρήστε ετικέτα πρώτοι!
|
MARC
| LEADER | 00000cam a2200000 i 4500 | ||
|---|---|---|---|
| 001 | 1/90159 | ||
| 008 | 080630s1953 fre d | ||
| 035 | |l 10098572 | ||
| 040 | |a GR-MY-UA |b gre |e aacr | ||
| 041 | 0 | |a fre | |
| 082 | 0 | |a 372.72 |2 (22) | |
| 245 | 1 | 3 | |a La division ecrite des nombres entiers et ses difficultes : |b resultats de l'enquete entreprise / |c Commission Consultative Universitaire de Pedagogie ; Ministre de l'instruction publique. Direction generale de l'enseignement primaire et normal. Direction de l'enseignement primaire |
| 260 | |a [Belgium] : |b [χ.ό.], |c 1953 | ||
| 300 | |a 62 σ.; |c 24 εκ. | ||
| 650 | 0 | 0 | |a Arithmetic |x Study and teaching. |
| 650 | 0 | 0 | |a Numeracy |x Study and teaching (Elementary) |
| 710 | 2 | |a Commission Consultative Universitaire de Pedagogie. | |
| 852 | |a INST |b RHODES |c AKA |e 20080630 |h 372.72 DIV |p 005400027835 |q 005400027835 |t BK |y 0 | ||
| 901 | |a BIBL4-2008-2 | ||
| 909 | |a Ρ |b 150702 | ||
| 970 | |a ΚΟΖΑ |b ΜΑΡΙΑ |z 2008/06/30 | ||